Convivencia infantil y discapacidad / (Registro nro. 57757)
[ vista simple ]
| 000 -CABECERA | |
|---|---|
| Longitud fija campo de control | 01322nam a2200325Ic 4500 |
| 003 - • IDENTIFICADOR DELl NÚMERO DE CONTROL | |
| Identificador del número de control | CO-BoRNBP |
| 005 - • FECHA Y HORA DE LA ÚLTIMA TRANSACCIÓN | |
| Fecha y hora de la última transacción | 20250730141706.0 |
| 007 - • CAMPO FIJO DE DESCRIPCIÓN FÍSICA | |
| Campo fijo de descripción física | ta |
| 008 - • CÓDIGOS DE INFORMACIÓN DE LONGITUD FIJA | |
| Códigos de información de longitud fija | 141031s9999 xx 000 0 und d |
| 020 ## - • NÚMERO INTERNACIONAL NORMALIZADO PARA LIBROS | |
| Número Internacional Normalizado para Libros (ISBN) | 9789682461637 |
| 040 ## - FUENTE DE LA CATALOGACIÓN | |
| Centro catalogador de origen | CO-BoRNBP |
| Lengua de catalogación | spa |
| Normas de descripción | rda |
| Centro transcriptor | CO-BoRNBP |
| 041 ## - • CÓDIGO DE LENGUA | |
| Código de lengua del texto/banda sonora o título independiente | spa |
| 082 0# - • NÚMERO DE LA CLASIFICACIÓN DECIMAL DEWEY | |
| Número de clasificación (R) | 371.9046 |
| Número del ítem | L29c |
| 100 ## - • PUNTO DE ACCESO PRINCIPAL-NOMBRE DE PERSONA | |
| Nombre de persona | Lewis, Ann |
| Término indicativo de función | aut |
| 245 10 - • TITULO PROPIAMENTE DICHO | |
| Título | Convivencia infantil y discapacidad / |
| Mención de responsabilidad, etc. | Ann Lewis ; traducido por Berenice García Delgado. |
| 250 ## - • MENCIÓN DE EDICIÓN | |
| Mención de edición | 1a ed., reimpr |
| 264 #1 - PRODUCCIÓN, PUBLICACIÓN , DISTRIBUCIÓN, FABRICACIÓN Y COPYRIGHT | |
| Lugar de producción, publicación, distribución, fabricación | México : |
| Nombre del productor, editor, distribuidor, fabricante | Trillas, |
| Fecha de de producción, publicación, distribución, fabricación o copyright | 2010 |
| 300 ## - • DESCRIPCIÓN FÍSICA | |
| Extensión | 231 páginas |
| 336 ## - TIPO DE CONTENIDO | |
| Término de tipo de contenido | texto |
| Código de tipo de contenido | txt |
| Fuente | rdacontent |
| 337 ## - TIPO DE MEDIO | |
| Nombre del tipo de medio | sin mediación |
| Código del tipo de medio | n |
| Fuente | rdamedia |
| 338 ## - TIPO DE SOPORTE | |
| Nombre del tipo de soporte | volumen |
| Código del tipo de soporte | nc |
| Fuente | rdacarrier |
| 505 0# - • NOTA DE CONTENIDO CON FORMATO | |
| Nota de contenido con formato | Preparar el escenario -- Los niños ante las escuelas de educación especial -- Hacia un programa inclusivo -- Proyecto enlace 7 -- Proyecto enlace 11 -- Las experiencias en los proyectos de convivencia -- Conclusiones e implicaciones |
| 534 ## - • Nota De Versión Original | |
| Título | Children´s understanding of disability |
| 650 07 - • PUNTO DE ACCESO ADICIONAL DE MATERIA - TÉRMINO DE MATERIA | |
| Término de materia o nombre geográfico como elemento inicial | Discriminación en la educación |
| Subdivisión de forma | ensayos, conferencias, etc |
| Fuente del encabezamiento o término | lemb |
| 650 07 - • PUNTO DE ACCESO ADICIONAL DE MATERIA - TÉRMINO DE MATERIA | |
| Término de materia o nombre geográfico como elemento inicial | Educación especial |
| Subdivisión de forma | ensayos, conferencias, etc |
| Fuente del encabezamiento o término | lemb |
| 650 07 - • PUNTO DE ACCESO ADICIONAL DE MATERIA - TÉRMINO DE MATERIA | |
| Término de materia o nombre geográfico como elemento inicial | Trastornos del aprendizaje |
| Subdivisión de forma | ensayos, conferencias, etc |
| Fuente del encabezamiento o término | lemb |
| 700 ## - • PUNTO DE ACCESO ADICIONAL - NOMBRE DE PERSONA | |
| Nombre de persona | García Delgado, Berenice |
| 942 ## - ENTRADA DE ELEMENTOS AGREGADOS (KOHA) | |
| Fuente de clasificaión o esquema | Dewey Decimal Classification |
| Koha [por defecto] tipo de item | LIbro |
No hay ítems disponibles.